Статистические сведения об оборотах сухопутной торговли России с Китаем чрез Кяхту с 1875 по 1894 год и торговля Китая с другими государствами за последние годы (Запись № 4212360)

Подробности
000 -МАРКЕР
контрольное поле 01720nam0a22002531 4500
001 - ИДЕНТИФИКАТОР ЗАПИСИ
контрольное поле v19\rc\1275383
005 - ИДЕНТИФИКАТОР ВЕРСИИ
контрольное поле 20250618005319.0
035 ## - ДРУГИЕ СИСТЕМНЫЕ НОМЕРА
Идентификатор записи (NLR Aleph) 004426825
100 ## - ДАННЫЕ ОБЩЕЙ ОБРАБОТКИ
Данные общей обработки 20060306d1896 |||y0rusy50 ca
101 0# - ЯЗЫК РЕСУРСА
Язык текста, звукозаписи и т.д. русский
102 ## - СТРАНА ПУБЛИКАЦИИ ИЛИ ПРОИЗВОДСТВА
Страна публикации Российская Федерация
105 ## - ПОЛЕ КОДИРОВАННЫХ ДАННЫХ: ТЕКСТОВЫЕ МАТЕРИАЛЫ, МОНОГРАФИЧЕСКИЕ
Кодированные данные о монографическом текстовом документе y i |||||
200 1# - ЗАГЛАВИЕ И СВЕДЕНИЯ ОБ ОТВЕТСТВЕННОСТИ
Основное заглавие Статистические сведения об оборотах сухопутной торговли России с Китаем чрез Кяхту с 1875 по 1894 год и торговля Китая с другими государствами за последние годы
Сведения, относящиеся к заглавию Изд. кяхтинского купечества
Первые сведения об ответственности Всерос. пром. и худож. выставка 1896 года в Н. Новгороде
210 ## - ПУБЛИКАЦИЯ, РАСПРОСТРАНЕНИЕ И ДР.
Место издания, распространения и т.д. Москва
Дата издания, распространения и т.д. 1896
215 ## - ФИЗИЧЕСКАЯ ХАРАКТЕРИСТИКА
Специфическое обозначение материала и объем 27 с.
Размеры 21
309 ## - ПРИМЕЧАНИЯ ОБ ОСНОВНОМ ИСТОЧНИКЕ ИНФОРМАЦИИ И ОБ ОСОБЕННОСТЯХ ПОЛИГРАФИЧЕСКОГО ОФОРМЛЕНИЯ ИЗДАНИЯ
Текст примечания Без тит. л.
316 ## - ПРИМЕЧАНИЯ ОБ ОСОБЕННОСТЯХ ЭКЗЕМПЛЯРА
Текст примечания Экз. РНБ (20.95.2.391): приплетено к: Краткий очерк возникновения, развития и теперешнего состояния наших торговых с Китаем сношений через Кяхту. М., 1896
Организация и экземпляр, к которому относится поле NLR: 20.95.2.391
482 #0 - ПРИПЛЕТЕНО К
Встроенное поле 2001#$aКраткий очерк возникновения, развития и теперешнего состояния наших торговых с Китаем сношений через Кяхту
-- 210##$aМосква$d1896
Заглавие Краткий очерк возникновения, развития и теперешнего состояния наших торговых с Китаем сношений через Кяхту
801 #0 - ИСТОЧНИК ЗАПИСИ
Страна Российская Федерация
Организация NLR
Правила каталогизации psbo
801 #1 - ИСТОЧНИК ЗАПИСИ
Страна Российская Федерация
Организация ProSoft-M
Источник данных rusmarc
852 ## - МЕСТОНАХОЖДЕНИЕ И ШИФР ХРАНЕНИЯ
Идентификатор организации NLR
Шифр хранения (Call Number) 20.95.2.391
942 ## - ДОПОЛНИТЕЛЬНЫЕ ЭЛЕМЕНТЫ ЗАПИСИ (АБИС)
Тип экземпляра АБИС Книга
980 ## - КОЛЛЕКЦИЯ
Название коллекции Национальная библиография
Экземпляры
Тип экземпляра Дата поступления Библиотека постоянного хранения Библиотека текущего хранения Место хранения Шифр хранения Штрих-код Статус экземпляра
Книга 26.10.2013 РНБ (Садовая) РНБ (Садовая) Русский книжный фонд -Главное здание, Ленинский читальный зал 20.95.2.391 4426825-10